Elementary algebraic geometry /

Guardado en:
Autor Principal: Kendig, Keith, 1938-
Formato: Libro
Idioma:English
Publicado: New York : Springer-Verlag, c1977.
Series:Graduate texts in mathematics ; 44
Materias:
Acceso en línea:Texto de muestra
Etiquetas: Agregar Etiqueta
Sin Etiquetas, Sea el primero en etiquetar este registro!
LEADER 00838cam a2200253 a 4500
001 MAT.inmabb003030
008 760618s1977####nyua#####b####001#0#eng##
005 20130304123354.0
245 1 0 |a Elementary algebraic geometry /  |c Keith Kendig. 
260 |a New York :  |b Springer-Verlag,  |c c1977. 
300 |a viii, 309 p. :  |b il. ;  |c 25 cm. 
440 0 |a Graduate texts in mathematics ;  |v 44 
504 |a Bibliografía: p. 297. 
510 4 |a MR,  |c 56 #5537 
020 |a 038790199X 
100 1 |a Kendig, Keith,  |d 1938- 
650 0 |a Geometry, Algebraic. 
650 0 |a Commutative algebra. 
084 |a 14-01  |2 msc2000 
010 |a  76022598  
040 |a DLC  |c DLC  |d DLC 
856 4 |u http://www.csuohio.edu/math/kendig/ag%5Fpdfs.html  |y Texto de muestra 
859 |h 14  |i K33  |p A-5776  |b BIB. MATEMATICA 
859 |h 14  |i K33  |p A-6005  |t Ej. 2  |b BIB. MATEMATICA